MARC details
| 000 -CABECERA |
| campo de control de longitud fija |
00966nam a2200265 a 4500 |
| 001 - NÚMERO DE CONTROL |
| campo de control |
000024702 |
| 005 - FECHA Y HORA DE LA ÚLTIMA TRANSACCIÓN |
| campo de control |
20200930023323.0 |
| 008 - DATOS DE LONGITUD FIJA--INFORMACIÓN GENERAL |
| campo de control de longitud fija |
110202s1968 sp r 000 0 spa d |
| 040 ## - FUENTE DE LA CATALOGACIÓN |
| Centro catalogador/agencia de origen |
DO-SdBNP |
| Lengua de catalogación |
spa |
| Centro/agencia transcriptor |
BNPHU |
| 041 17 - CÓDIGO DE LENGUA |
| Código de lengua del texto/banda sonora o título independiente |
spa |
| Código de lengua original |
fre |
| Fuente del código |
Código de idiomas MARC |
| 082 ## - NÚMERO DE LA CLASIFICACIÓN DECIMAL DEWEY |
| Número de clasificación |
nn* |
| Número de documento/Ítem |
nn* |
| 049 ## - FONDOS LOCALES (OCLC) |
| Fondos de biblioteca |
BNGR |
| 100 1# - ENTRADA PRINCIPAL--NOMBRE DE PERSONA |
| Nombre de persona |
Delcroix, J. L. |
| 9 (RLIN) |
50663 |
| 240 10 - TÍTULO UNIFORME |
| Título uniforme |
Introduction a la théorie des gaz ionisés. |
| Lenguaje de la obra |
Español |
| 245 10 - MENCIÓN DE TÍTULO |
| Título |
Introducción a la teoría de los gases ionizados / |
| Mención de responsabilidad, etc. |
J. L. Delcroix ; traducción de José Antonio Vallés Abarca. |
| 260 ## - PUBLICACIÓN, DISTRIBUCIÓN, ETC. |
| Lugar de publicación, distribución, etc. |
Madrid : |
| Nombre del editor, distribuidor, etc. |
Alhambra, |
| Fecha de publicación, distribución, etc. |
1968. |
| 300 ## - DESCRIPCIÓN FÍSICA |
| Extensión |
171 p. ; |
| Dimensiones |
20 cm. |
| 490 1# - MENCIÓN DE SERIE |
| Mención de serie |
Exedra. Ciencia, Técnica, Ingeniería. |
| Designación de volumen o secuencia |
23 |
| 490 1# - MENCIÓN DE SERIE |
| Mención de serie |
Física. |
| Designación de volumen o secuencia |
2 |
| 534 ## - NOTA SOBRE LA VERSIÓN ORIGINAL |
| Encabezamiento principal del original |
Edición original : |
| Mención de título del original |
Introduction a la théorie des gaz ionisés |
| 500 ## - NOTA GENERAL |
| Nota general |
Incluye índice de materias. |
| 504 ## - NOTA DE BIBLIOGRAFÍA, ETC. |
| Nota de bibliografía, etc. |
Bibliografía : 167-168 p. |
| 830 #0 - PUNTO DE ACCESO ADICIONAL DE SERIE-TÍTULO UNIFORME |
| Título uniforme |
Exedra. |
| Nombre de parte o sección de la obra |
Ciencia, Técnica, Ingeniería |
| Designación de volumen o secuencia |
23 |
| 9 (RLIN) |
50664 |
| 830 #0 - PUNTO DE ACCESO ADICIONAL DE SERIE-TÍTULO UNIFORME |
| Título uniforme |
Física |
| Designación de volumen o secuencia |
2 |
| 9 (RLIN) |
4595 |